| 000 | 01997nam a22003257a 4500 | ||
|---|---|---|---|
| 001 | 20610 | ||
| 003 | CO-MdFUSB | ||
| 005 | 20180622072744.0 | ||
| 008 | 160825t2007 xxu||||g |||| 00| 0 eng d | ||
| 020 | _a978-0-8006-6218-9 | ||
| 040 |
_aCO-MdFUSB _bEspañol _cCO-MdFUSB _dCO-MdFUSB _erda |
||
| 041 | _aeng | ||
| 082 |
_224 _a213 _bIN61 |
||
| 245 | 1 | 0 |
_aIntelligent design _b: William A. Dembski & Michael Ruse in dialogue _c / Editado por Robert B. Stewart |
| 264 | 4 |
_aMinneapolis, Minnesota : _bFortress Press, _c©2007 |
|
| 300 | _axvii, 257 páginas | ||
| 336 |
_2rdacontent _a1 _ba1 |
||
| 337 |
_2rdamedia _a2 _b5 |
||
| 338 |
_2rdacarrier _a2 _b5 |
||
| 500 | _aIncluye índice (p. 253-257) | ||
| 501 | _aRústico | ||
| 505 | 0 | 0 | _aDiseño inteligente: Un diálogo - Las guerras de la evolución: ¿Quién está luchando con quién y acerca de qué? - Naturalismo y el diseño inteligente - El colapso de un diseño inteligente - El diseño inteligente, motivos religiosos y las cláusulas religiosas de la Constitución - Dawkins, Dios y la empresa científica: Reflexiones sobre la apelación al darwinismo en el ateísmo fundamentalista - El diseño inteligente y la psicología evolutiva como programas de investigación: Una comparación de sus especificaciones más plausibles - Porque la "causa" tiene sentido: El principio cosmológico antrópico y cosmo-causalidad cuántica - La ciencia, la acción divin, y el movimiento del diseño inteligente: Una defensa de la evolución teísta - El universo como creación - Diseño inteligente: Algunas reflexiones críticas sobre el debate actual - ¿Plana o redonda? El debate del siglo VI sobre la forma de la Tierra - Epílogo: La fe en Dios y el mundo de la naturaleza |
| 653 | _aEvolution versus creation | ||
| 653 | _aPhilosophy of religion | ||
| 653 | _aFilosofía de la religión | ||
| 653 | _aLa evolución contra la creación | ||
| 720 |
_aStewart, Robert B., _eeditor |
||
| 942 | _cBK | ||
| 999 |
_c46961 _d46961 |
||